000 00609nam a2200157 4500
008 030313s1995 enk 0 eng
020 _a0853646473
090 _aBS1225.2
_bAl2f
100 1 _aAlexander, T. Desmond
245 1 0 _aFrom paradise to the promised land :
_ban introduction to the main themes of the Pentateuch /
_cT. Desmond Alexander.
260 _aCarlisle :
_bPaternoster,
_cc1995.
300 _axxv, 227 p.
504 _aSelect. biblio: pp. 196-213
650 4 _aBible. O.T. Pentateuch
_xCriticism, interpretation, etc.
951 _p16964
_x00002818
_oBS1225.2/Al2f
_j070613111229015
_d2000-12-21
_cGC
999 _c17129
_d17129